OTC Healthcare in Greece : October 2004.

Bibliographic Details
Format: Book
Published: [S.l]: Euromonitor, 2004.
Subjects:
LEADER 00447cam a2200145 7i4500
001 0000015107
005 20050314090000.0
090 0 0 |a GREC 362.1   |b OTC 
245 0 0 |a OTC Healthcare in Greece :   |b October 2004. 
260 0 0 |a [S.l]:   |b Euromonitor,   |c 2004. 
300 # # |a 101 p. 
650 0 0 |a OTC Healthcare --   |x Markets --   |z Greece  
650 0 0 |a Medicalcare --   |x Markets --   |z Greece  
651 0 0 |a Greece  
999 |a B000016396  |b Book  |c Countries  |e Business Information Centre